[Event "Tradewise Gibraltar"]
[Site "Catalan Bay GIB"]
[Date "2018.02.01"]
[EventDate "2018.01.23"]
[Round "10.23"]
[Result "1-0"]
[White "Ivan Saric"]
[Black "Adam Kozak"]
[WhiteElo "2664"]
[BlackElo "2418"]
[PlyCount "51"]

1. e4 e5 2. Nf3 Nc6 3. Bb5 a6 4. Ba4 Nf6 5. O-O Be7 6. Re1 b5
7. Bb3 d6 8. c3 O-O 9. h3 Bb7 10. d4 Re8 11. Nbd2 exd4
12. cxd4 Nd7 13. Nf1 Na5 14. Bc2 Bf6 15. Rb1 c5 16. d5 Nc4
17. b3 Nce5 18. N3h2 Nb6 19. Ng3 g6 20. a4 bxa4 21. bxa4 a5
22. Bb2 Ba6 23. Qc1 Rb8 24. f4 Nec4 25. Bxf6 Qxf6 26. Nf3 1-0

[Event "Tradewise Gibraltar"]
[Site "Catalan Bay GIB"]
[Date "2018.02.01"]
[EventDate "2018.01.23"]
[Round "10.43"]
[Result "0-1"]
[White "Salome Melia"]
[Black "Kiril Dimitrov Georgiev"]
[WhiteElo "2404"]
[BlackElo "2623"]
[PlyCount "91"]

1. e4 c5 2. Nf3 d6 3. Bb5+ Nd7 4. c3 Nf6 5. Qe2 a6 6. Ba4 c4
7. Bc2 b5 8. b3 cxb3 9. axb3 e6 10. O-O Be7 11. d4 Bb7 12. Bb2
O-O 13. Nbd2 Qc7 14. Rfc1 e5 15. c4 bxc4 16. Nxc4 exd4 17. Na5
Qb8 18. Nxd4 Re8 19. Ndc6 Bxc6 20. Nxc6 Qb7 21. Nxe7+ Rxe7
22. Re1 h6 23. Qd3 Re6 24. Qd4 Rc8 25. Bd3 Nc5 26. Bc4 Nxb3
27. Bxb3 Qxb3 28. Rxa6 Rc4 29. Qb6 Rb4 30. Qd8+ Re8 31. Bxf6
Rxd8 32. Bxd8 Rxe4 33. Raa1 Rxe1+ 34. Rxe1 Qb4 35. Rd1 Qb3
36. Re1 d5 37. h3 d4 38. Ba5 d3 39. Re8+ Kh7 40. Rd8 Qd1+
41. Kh2 Qe2 42. f4 Qe3 43. Kh1 Qc1+ 44. Kh2 Qxf4+ 45. Kh1 Qg5
46. Kg1 0-1